Oresteia: Agamemnon; The Libation Bearers; The Eumenides
Na minha lista:
| Autor principal: | |
|---|---|
| Formato: | Livro |
| Idioma: | English |
| Publicado em: |
Chicago, Estados Unidos
The University of Chicago Press
1953
|
| Assuntos: | |
| Tags: |
Adicionar Tag
Sem tags, seja o primeiro a adicionar uma tag!
|
MARC
| LEADER | 00000nam a22000007a 4500 | ||
|---|---|---|---|
| 008 | 180920b xxu||||| |||| 00| 0 eng d | ||
| 040 | |a cru BVZT | ||
| 090 | |a 880 E-1o | ||
| 100 | |a Esquilo (Aeschylus) | ||
| 245 | |a Oresteia: Agamemnon; The Libation Bearers; The Eumenides |c Esquilo (Aeschylus); Richmond Lattimore, traductor | ||
| 260 | |a Chicago, Estados Unidos |b The University of Chicago Press |c 1953 | ||
| 300 | |a 171 páginas | ||
| 650 | |a LITERATURA GRIEGA | ||
| 650 | 0 | |a EN IDIOMA INGLÉS |9 129 | |
| 650 | |a ORESTEIA [ORESTIADA] | ||
| 650 | |a THE LIBATION BEARERS | ||
| 650 | |a THE EUMENIDES | ||
| 999 | |c 30592 |d 30592 | ||
| 942 | |c LIB |h 880 E-1o |2 z | ||
